Daňový poriadok - vybrané príklady z procesu

Analýza niektorých daňových nejasností a problémov aktuálnej hospodárskej praxe v procese daňovej správy a reality zdaňovania v SR.

Saved in:
Bibliographic Details
Main Author: Burák, Emil
Format: Book Chapter
Language:Slovak
Subjects:
Tags: Add Tag
No Tags, Be the first to tag this record!

MARC

LEADER 00000naa a2200000 4500
001 0183123
005 20231207112424.8
041 0 |a slo 
044 |a SK 
245 1 0 |a Daňový poriadok - vybrané príklady z procesu  |c Emil Burák 
520 |a Analýza niektorých daňových nejasností a problémov aktuálnej hospodárskej praxe v procese daňovej správy a reality zdaňovania v SR. 
610 2 0 |a Slovensko 
610 2 0 |a poriadok daňový 
610 2 0 |a správa daňová 
610 2 0 |a zdaňovanie 
100 1 |a Burák, Emil